Satellite 4, workbook; a two year course. a book for spanish-speaking learners /

Guardado en:
Autor Principal: Genijovich, Ana Rosa R de, Dir.
Formato: Libro
Publicado: Buenos Aires : Kapelusz, 1986
Materias:
Etiquetas: Agregar Etiqueta
Sin Etiquetas, Sea el primero en etiquetar este registro!
LEADER 00583nam a22001815a 4500
001 CEM.cems002833
005 20060221000000.0
008 130507s1986##################000#0#####d
003 CEMS
082 0 4 |a 428.64 
100 1 |a Genijovich, Ana Rosa R de, Dir. 
245 1 0 |a Satellite 4, workbook; a two year course. a book for spanish-speaking learners /  |c Ana Rosa R de Genijovich 
260 |a Buenos Aires :  |b Kapelusz,  |c 1986 
300 |a 74 p. 
653 |a Ingles 
653 |a Ingles 4to. año 
653 |a Ingles-textos 
859 |a CEMS  |b BIB. CEMS - 11 de abril  |h 428.64  |i Sa82-1/IV  |p 14112.86  |t Ej.1